Espacios comerciales: diseño de oficinas

Đã lưu trong:
Chi tiết về thư mục
Tác giả chính: Asencio Cerver, Francisco (Tác giả)
Định dạng: Sách
Ngôn ngữ:Tiếng Tây Ban Nha
Được phát hành: Madrid Arco 1990
Những chủ đề:
Các nhãn: Thêm thẻ
Không có thẻ, Là người đầu tiên thẻ bản ghi này!

MARC

LEADER 00000nam a2200000 a 4500
001 UCP7059
003 CL-VaPUC
008 991126e19900000SP |||||||||||||||||spa|d
082 0 4 |a 725.2  |b ASE  |2 21 
100 0 |a Asencio Cerver, Francisco  |e author  |9 436448 
245 1 0 |a Espacios comerciales: diseño de oficinas 
300 |a 157 p 
942 |c BK 
945 |d 19991126 00:00:00  |a rbrito 
260 |a Madrid  |b Arco  |c 1990 
650 0 |a Arquitectura moderna  |9 265021 
650 0 |a Diseño industrial  |9 262726 
650 7 |a OFICINAS COMERCIALES  |2 CL-VaPUC  |9 436449 
583 |a last modification  |c 19991126 00:00:00  |k Rodrigo Vera 
999 |c 284409  |d 284407 
952 |0 0  |1 0  |4 0  |6 725_200000000000000_ASE_1990  |7 0  |8 A  |9 328416  |a BIBARQ  |b BIBARQ  |d 2019-11-20  |i 3567680  |o 725.2 ASE 1990  |p 3567680  |r 2025-01-20  |w 2019-11-20  |y BK  |k ARQ